000
00324nam a2200121Ia 4500
008
180117s9999 xx 000 0 und d
100
_a
by Jasmine Agnes T Cruz
245
_a
Artist- Run Spaces of the Future
260
_c
2016
300
_a
9-14 pages, 2016 February 28
440
_a
Philippine Panorama
650
_a
ARTIST
999
_c
353516
_d
353516